Catálogo
 En Linea

La civilización Árabe en España / (Registro nro. 20943)

Detalles MARC
000 -CABECERA
campo de control de longitud fija 00900nam a2200241 a 4500
001 - NÚMERO DE CONTROL
campo de control 000021443
005 - FECHA Y HORA DE LA ÚLTIMA TRANSACCIÓN
campo de control 20200930011329.0
008 - DATOS DE LONGITUD FIJA--INFORMACIÓN GENERAL
campo de control de longitud fija 100907s1969 sp r 000 0 spa d
040 ## - FUENTE DE LA CATALOGACIÓN
Centro catalogador/agencia de origen DO-SdBNP
Lengua de catalogación spa
Centro/agencia transcriptor BNPHU
082 ## - NÚMERO DE LA CLASIFICACIÓN DECIMAL DEWEY
Número de clasificación 946.02
Número de documento/Ítem L664c, 1969
100 1# - ENTRADA PRINCIPAL--NOMBRE DE PERSONA
Nombre de persona Lévi-Provençal, É.,
Fechas asociadas al nombre 1894-1956.
9 (RLIN) 44732
245 10 - MENCIÓN DE TÍTULO
Título La civilización Árabe en España /
Mención de responsabilidad, etc. Évariste Lévi-Provençal ; prólogo del traductor Isidro de las Cagigas.
250 ## - MENCIÓN DE EDICIÓN
Mención de edición 3a ed.
260 ## - PUBLICACIÓN, DISTRIBUCIÓN, ETC.
Lugar de publicación, distribución, etc. Madrid :
Nombre del editor, distribuidor, etc. Espasa-Calpe,
Fecha de publicación, distribución, etc. 1969.
300 ## - DESCRIPCIÓN FÍSICA
Extensión 151 [9] p. ;
Dimensiones 18 cm.
490 0# - MENCIÓN DE SERIE
Mención de serie Austral
Designación de volumen o secuencia 1161
500 ## - NOTA GENERAL
Nota general Incluye índice de autores.
500 ## - NOTA GENERAL
Nota general traducción del francés por Isidro de las Cagigas.
504 ## - NOTA DE BIBLIOGRAFÍA, ETC.
Nota de bibliografía, etc. Incluye bibliografía crítica abreviada: p. [16]-19
650 #4 - PUNTO DE ACCESO ADICIONAL DE MATERIA--TÉRMINO DE MATERIA
Término de materia o nombre geográfico como elemento de entrada España
Subdivisión general Historia
-- Dominacion árabe
Subdivisión cronológica 711-1492
9 (RLIN) 44733
700 1# - PUNTO DE ACCESO ADICIONAL--NOMBRE DE PERSONA
Nombre de persona Cagigas, Isidro de las
Término indicativo de función/relación pról.
9 (RLIN) 44734
830 #0 - PUNTO DE ACCESO ADICIONAL DE SERIE-TÍTULO UNIFORME
Título uniforme Austral ;
Número de parte o sección de la obra 1161
9 (RLIN) 44735
Existencias
Estado de retiro Estado de pérdida Restricciones de uso No para préstamo Código de colección Localización permanente Ubicación/localización actual Ubicación en estantería Fecha de adquisición Número de inventario Total de préstamos Signatura topográfica completa Código de barras Fecha visto por última vez Precio válido a partir de Tipo de ítem Koha
      Excluido de préstamo Monografías: Libros y Folletos General General Depósito 07.06.2017 LF1   946.02 L664c, 1969 21443-10 25.06.2020 25.06.2020 No se presta

Con tecnología Koha